ARRUPE JESUIT UNIVERSITY

CORONAVIRUS -STOP THE SPREAD - CLEAN,DISINFECT,COVER

The Philosophy of Religion (Record no. 119505)

MARC details
000 -LEADER
fixed length control field 00395nam a22001337a 4500
005 - DATE AND TIME OF LATEST TRANSACTION
control field 20141014020008.0
008 - FIXED-LENGTH DATA ELEMENTS--GENERAL INFORMATION
fixed length control field 140106b xxu||||| |||| 00| 0 eng d
050 ## - LIBRARY OF CONGRESS CALL NUMBER
Classification number BL51.
Item number G854 2005
100 ## - MAIN ENTRY--PERSONAL NAME
Personal name Griffith-Dickson, Gwen
9 (RLIN) 6504
245 ## - TITLE STATEMENT
Title The Philosophy of Religion
Statement of responsibility, etc Griffith-Dickson, Gwen
260 ## - PUBLICATION, DISTRIBUTION, ETC. (IMPRINT)
Place of publication, distribution, etc London
Name of publisher, distributor, etc SCM Press
Date of publication, distribution, etc 2005
300 ## - PHYSICAL DESCRIPTION
Extent xxxi, 447p. ;
Dimensions 24cm.
942 ## - ADDED ENTRY ELEMENTS (KOHA)
Source of classification or shelving scheme Library of Congress Classification
Item type Monograph ( Printed materials)
Koha issues (borrowed), all copies 2
Holdings
Withdrawn status Lost status Source of classification or shelving scheme Damaged status Not for loan Collection code Home library Current library Shelving location Date acquired Total Checkouts Full call number Barcode Date last seen Date last borrowed Price effective from Koha item type
    Library of Congress Classification     Main Collection ARRUPE LIBRARY ARRUPE LIBRARY Main Collection 06/01/2014 4 BL51.G854 2005 46410415 25/02/2019 04/02/2019 06/01/2014 Monograph ( Printed materials)

 

Arrupe Library. PO Box MP320 Mt Pleasant, Harare, Zimbabwe
263 242 745411|librarian@aju.ac.zw